LEADER 00963nam a2200229 i 4500 001 000000027997 003 CaOOAMICUS 005 20240325143247.0 008 180830n it u000 u ita u 040 $aSeMil$bita 245 13$aLa questione dei SS. Vittore e Satiro. 260 $aMilano :$bTip. Pontificia e Arcivescovile S. Giuseppe,$c[1911?] 260 $a[S.l. :$bs.n.],$c[1911?] 300 $a2 v. (paginazione varia) ;$c28 cm. 650 4$aVittore : il Moro - Sepoltura.$0(OLS)http://semarc/subject/55291 650 4$aSatiro - Sepoltura.$0(OLS)http://semarc/subject/4503 774 0 $t1.$w()218370 774 0 $t2.$w()218371 996 $6245$aLa questione dei SS. Vittore e Satiro$9(OLS)http://semarc/title/37964 996 $6260$a[S.l. :$bs.n.]$9(OLS)http://semarc/publisher/29751 996 $6260$aMilano :$bTip. Pontificia e Arcivescovile S. Giuseppe$9(OLS)http://semarc/publisher/37567 LEADER 01008nam a2200217 i 4500 001 000000203312 003 CaOOAMICUS 005 20110623000000.0 008 110623n it u000 u ita u 013 $a182024 040 $aSeMil$bita 245 12$aA don Enrico Gilardi :$bprofessore di Filosofia nel Seminario di Milano : Milano 25/3/1927, Venegono Inf. 4/5/1980, in die trigesima. 260 $a[S.l. :$bs.n.],$c[1980] 300 $a1 fasc. :$bill. ;$c22 cm. 650 4$aGilardi, Enrico.$0(OLS)http://semarc/subject/38284 700 1 $aGilardi, Enrico .$0(OLS)http://semarc/name/13185 850 $aSeMil 852 $aSeMil$W1$xVenegono$y1$m5D VIII 24/21$j153808$B153808$CSeMilBibl$Z2$F164622 $81 961 $aOmaggio: Altro 996 $6245$aA don Enrico Gilardi :$bprofessore di Filosofia nel Seminario di Milano : Milano 25/3/1927, Venegono Inf. 4/5/1980, in die trigesima$9(OLS)http://semarc/title/294383 996 $6260$a[S.l. :$bs.n.]$9(OLS)http://semarc/publisher/29751